01125nam a2200289 a 4500001000400000003001000004005001700014008004100031020001800072040002500090080001700115090001700132245014500149260003200294300002000326504002100346650004700367650003200414650002500446650002300471700003200494700004200526942001200568952012100580952012100701999001300822800BR-CuiBMT20231129150525.0231117b2017 dfb 000 0 por d a9788595270091 aBR-CuiBMTcBR-CuiBMT a354.8422007 a354.84bT27800aTemas relevantes da atuação do Ministério Público do trabalho /corganizadores Renan Bernardi Kalil, Sofia Vilela de Moraes e Silva. aBrasília :bESMPU,c2017. a278 p. ;c23 cm ainclui índice. aMinistério público do trabalhozBrasil aDireito do trabalhozBrasil aTrabalho doméstico aLiberdade sindical aKalil, Renan Bernardi4org. aSilva, Sofia Vilela de Moraes e4org. 2udccLV 00102udc4070aBIBTCEMTbBIBTCEMTd2023-11-17l0o354.84 T278pBIBTCEMT23110732r2023-11-17tEx. 1w2023-11-17yLV 00102udc4070aBIBTCEMTbBIBTCEMTd2023-11-17l0o354.84 T278pBIBTCEMT23110733r2023-11-17tEx. 2w2023-11-17yLV c800d800